skbl

Dr Suryya Kumar Bhuyan Library Web-OPAC
ডঃ সূৰ্য্য
কুমাৰ ভূঞা পুথিভঁৰাল ৱেব-অ'পেক

All Research Scholars are advised to clear the annual library fees to continue using Library Resources, Remote Access, Plagiarism Test and Library Clearance.

Cotton University Book Fair 2026

Journey to Lhasa and Central Tibet / (Record no. 723)

MARC details
000 -LEADER
fixed length control field 00531nam a2200193Ia 4500
001 - CONTROL NUMBER
control field 725
008 - FIXED-LENGTH DATA ELEMENTS--GENERAL INFORMATION
fixed length control field 220701s1904 ii a g b000 u 465 u
082 ## - DEWEY DECIMAL CLASSIFICATION NUMBER
Classification number 915.15
100 ## - MAIN ENTRY--PERSONAL NAME
Personal name Das , Sarat Chandra .
245 #0 - TITLE STATEMENT
Title Journey to Lhasa and Central Tibet /
Statement of responsibility, etc. Sarat Chandra Das.
Medium Textual Documents
250 ## - EDITION STATEMENT
Edition statement 1st ed. /
260 ## - PUBLICATION, DISTRIBUTION, ETC.
Place of publication, distribution, etc. London :
Name of publisher, distributor, etc. John Murray ,
Date of publication, distribution, etc. 1904.
300 ## - PHYSICAL DESCRIPTION
Extent 368p. :
Other physical details ill ;
Dimensions 24cm .
653 ## - INDEX TERM--UNCONTROLLED
Uncontrolled term History-Tibet
653 ## - INDEX TERM--UNCONTROLLED
Uncontrolled term Tibet History
653 ## - INDEX TERM--UNCONTROLLED
Uncontrolled term Rare-History
700 ## - ADDED ENTRY--PERSONAL NAME
Personal name Rockhill, W. W .
942 ## - ADDED ENTRY ELEMENTS (KOHA)
Source of classification or shelving scheme Dewey Decimal Classification
Koha item type Books
Holdings
Withdrawn status Lost status Damaged status Not for loan Home library Current library Date acquired Coded location qualifier Total checkouts Full call number Barcode Date last seen Copy number Price effective from Koha item type
        Dr. Suryya Kumar Bhuyan Library Dr. Suryya Kumar Bhuyan Library 01/02/2012 00000   915.15 Da 26 Jo 75/Hist 13/01/2024 1 01/02/2012 Books
        Dr. Suryya Kumar Bhuyan Library Dr. Suryya Kumar Bhuyan Library 01/02/2012 00000   915.15 Da 26 Jo 104.7 13/01/2024 2 01/02/2012 Books

Designed and Maintained by Team SKBL
©1901-2026

Powered by Koha